书目信息 |
| 题名: |
建筑中太阳能热利用
|
|
| 作者: | 刘艳峰 , 王登甲 著 | |
| 分册: | ||
| 出版信息: | 北京 中国建筑工业出版社 2025.03 |
|
| 页数: | 193页 | |
| 开本: | 27cm | |
| 丛书名: | “双碳”目标下建筑中可再生能源利用 | |
| 单 册: | ||
| 中图分类: | TU18 | |
| 科图分类: | ||
| 主题词: | 太阳能建筑--tai yang neng jian zhu--建筑设计--研究 | |
| 电子资源: | ||
| ISBN: | 978-7-112-31005-0 | |
| 000 | 01163nam 2200289 450 | |
| 001 | 91706 | |
| 005 | 20250817110701.77 | |
| 010 | @a978-7-112-31005-0@b精装@dCNY65.00 | |
| 100 | @a20250527d2025 em y0chiy50 ea | |
| 101 | 0 | @achi |
| 102 | @aCN@b110000 | |
| 105 | @aak a 000yy | |
| 106 | @ar | |
| 200 | 1 | @a建筑中太阳能热利用@Ajian zhu zhong tai yang neng re li yong@f刘艳峰, 王登甲著 |
| 210 | @a北京@c中国建筑工业出版社@d2025.03 | |
| 215 | @a193页@c图@d27cm | |
| 225 | 2 | @a“双碳”目标下建筑中可再生能源利用@A“ shuang tan ” mu biao xia jian zhu zhong ke zai sheng neng yuan li yong |
| 300 | @a国家出版基金项目 | |
| 320 | @a有书目 (第192-193页) | |
| 330 | @a本书以建筑中太阳能热利用为主线, 系统梳理了太阳辐射基础理论、建筑热过程分析、高效集热技术及工程应用案例。重点探讨了被动式与主动式技术的协同机制, 揭示了太阳能热利用与建筑一体化设计的关键要素。 | |
| 410 | 0 | @12001 @a“双碳”目标下建筑中可再生能源利用 |
| 606 | 0 | @a太阳能建筑@Atai yang neng jian zhu@x建筑设计@x研究 |
| 690 | @aTU18@v5 | |
| 701 | 0 | @a刘艳峰@Aliu yan feng@4著 |
| 701 | 0 | @a王登甲@Awang deng jia@4著 |
| 801 | 0 | @aCN@c20250909 |
| 905 | @a河南城建学院图书馆@dTU18@eL700@f1 | |
| 建筑中太阳能热利用/刘艳峰, 王登甲著.-北京:中国建筑工业出版社,2025.03 |
| 193页:图;27cm.-(“双碳”目标下建筑中可再生能源利用) |
| 国家出版基金项目 |
| ISBN 978-7-112-31005-0(精装):CNY65.00 |
| 本书以建筑中太阳能热利用为主线, 系统梳理了太阳辐射基础理论、建筑热过程分析、高效集热技术及工程应用案例。重点探讨了被动式与主动式技术的协同机制, 揭示了太阳能热利用与建筑一体化设计的关键要素。 |
| ● |
| 相关链接 |
|
|
|
正题名:建筑中太阳能热利用
索取号:TU18/L700
 
预约/预借
| 序号 | 登录号 | 条形码 | 馆藏地/架位号 | 状态 | 备注 |
| 1 | 1625670 | 216256708 | 建筑库101/101建筑库 27排1列4层/ [索取号:TU18/L700] | 在馆 |